[Event "Weekender - Master"]
[Site "Enniscrone, Sligo, IE"]
[Date "2026.01.31"]
[Round "2"]
[White "Flynn, Jacob"]
[Black "O`Flaherty, Kevin"]
[Result "1-0"]
[Board "1"]
[WhiteFideId "2509393"]
[BlackFideId "2502283"]
[WhiteTitle "CM"]
[WhiteElo "2218"]
[BlackElo "1962"]
[WhiteTeam "IRL"]
[BlackTeam "IRL"]
[WhiteClock "0:05:19"]
[BlackClock "0:00:58"]
[Variant "Standard"]

1. e4 {[%clk 1:30:58]}  d6 {[%clk 1:30:53]} 2. d4 {[%clk 1:31:23]}  Nf6 {[%clk 1:31:17]} 3. Nc3 {[%clk 1:31:36]}  e5 {[%clk 1:30:59]} 4. Nf3 {[%clk 1:31:27]}  Nbd7 {[%clk 1:30:53]} 5. a4 {[%clk 1:31:44]}  Be7 {[%clk 1:30:14]} 6. a5 {[%clk 1:32:08]}  c6 {[%clk 1:30:00]} 7. Be2 {[%clk 1:21:57]}  O-O {[%clk 1:23:37]} 8. O-O {[%clk 1:22:10]}  Kh8 {[%clk 1:12:17]} 9. h3 {[%clk 1:15:03]}  Ng8 {[%clk 1:10:53]} 10. b3 {[%clk 1:07:24]}  f5 {[%clk 1:02:37]} 11. exf5 {[%clk 1:00:51]}  Rxf5 {[%clk 0:55:52]} 12. Bd3 {[%clk 0:54:59]}  Rf8 {[%clk 0:44:01]} 13. dxe5 {[%clk 0:55:21]}  dxe5 {[%clk 0:42:33]} 14. Bb2 {[%clk 0:54:33]}  Nc5 {[%clk 0:33:02]} 15. Nxe5 {[%clk 0:50:52]}  Nxd3 {[%clk 0:31:29]} 16. Qxd3 {[%clk 0:44:57]}  Qc7 {[%clk 0:23:02]} 17. f4 {[%clk 0:42:09]}  Bf5 {[%clk 0:18:41]} 18. Qc4 {[%clk 0:40:53]}  Rad8 {[%clk 0:18:49]} 19. Nb5 {[%clk 0:34:52]}  Qc8 {[%clk 0:17:02]} 20. Nd4 {[%clk 0:26:45]}  Nh6 {[%clk 0:13:31]} 21. a6 {[%clk 0:20:25]}  b6 {[%clk 0:05:01]} 22. Nexc6 {[%clk 0:09:33]}  Bc5 {[%clk 0:04:01]} 23. Kh2 {[%clk 0:09:54]}  Ng4+ {[%clk 0:01:40]} 24. hxg4 {[%clk 0:09:15]}  Bxg4 {[%clk 0:01:54]} 25. Nxd8 {[%clk 0:05:30]}  Qxd8 {[%clk 0:01:29]} 26. b4 {[%clk 0:04:54]}  Qh4+ {[%clk 0:01:17]} 27. Kg1 {[%clk 0:05:23]}  Bd6 {[%clk 0:01:20]} 28. Ne6 {[%clk 0:03:57]}  Bxe6 {[%clk 0:00:56]} 29. Qxe6 {[%clk 0:04:25]}  Bxf4 {[%clk 0:00:56]} 30. Qh3 {[%clk 0:04:41]}  Qe7 {[%clk 0:00:35]} 31. Rae1 {[%clk 0:04:12]}  Qxb4 {[%clk 0:00:41]} 32. Qc3 {[%clk 0:04:12]}  Qxc3 {[%clk 0:00:40]} 33. Bxc3 {[%clk 0:04:40]}  Bd6 {[%clk 0:00:31]} 34. Rxf8+ {[%clk 0:04:59]}  Bxf8 {[%clk 0:00:58]} 35. Re8 {[%clk 0:05:19]} 1-0

[Event "Weekender - Master"]
[Site "Enniscrone, Sligo, IE"]
[Date "2026.01.31"]
[Round "2"]
[White "MacElligott, Gerard"]
[Black "O`cuilleanain, Oisin"]
[Result "1/2-1/2"]
[Board "2"]
[WhiteFideId "2500647"]
[BlackFideId "2514249"]
[WhiteTitle "CM"]
[WhiteElo "1921"]
[BlackElo "2146"]
[WhiteTeam "IRL"]
[BlackTeam "IRL"]
[WhiteClock "0:07:55"]
[BlackClock "0:19:40"]
[Variant "Standard"]

1. d4 {[%clk 1:26:52]}  d5 {[%clk 1:30:52]} 2. c4 {[%clk 1:27:18]}  c6 {[%clk 1:31:19]} 3. Nf3 {[%clk 1:27:45]}  Nf6 {[%clk 1:31:45]} 4. Nc3 {[%clk 1:28:12]}  a6 {[%clk 1:32:06]} 5. c5 {[%clk 1:28:29]}  Nbd7 {[%clk 1:32:03]} 6. Bf4 {[%clk 1:28:09]}  Nh5 {[%clk 1:31:58]} 7. Be3 {[%clk 1:26:10]}  Qc7 {[%clk 1:31:09]} 8. g3 {[%clk 1:23:53]}  g6 {[%clk 1:28:25]} 9. Bg2 {[%clk 1:21:35]}  Bg7 {[%clk 1:28:46]} 10. O-O {[%clk 1:21:20]}  e5 {[%clk 1:22:40]} 11. dxe5 {[%clk 1:20:51]}  Nxe5 {[%clk 1:22:52]} 12. Bd4 {[%clk 1:20:01]}  O-O {[%clk 1:17:21]} 13. e4 {[%clk 1:14:17]}  dxe4 {[%clk 1:11:02]} 14. Nxe4 {[%clk 1:02:37]}  Bg4 {[%clk 1:05:47]} 15. Bc3 {[%clk 0:59:34]}  Rad8 {[%clk 0:59:13]} 16. Bxe5 {[%clk 0:39:49]}  Bxe5 {[%clk 0:52:26]} 17. Qa4 {[%clk 0:37:36]}  Bxf3 {[%clk 0:47:09]} 18. Bxf3 {[%clk 0:37:39]}  Nf6 {[%clk 0:47:12]} 19. Nxf6+ {[%clk 0:28:39]}  Bxf6 {[%clk 0:47:31]} 20. Qc2 {[%clk 0:28:13]}  Rd4 {[%clk 0:40:49]} 21. Rad1 {[%clk 0:26:40]}  Rfd8 {[%clk 0:40:58]} 22. a3 {[%clk 0:24:31]}  Rxd1 {[%clk 0:34:40]} 23. Rxd1 {[%clk 0:23:56]}  Rxd1+ {[%clk 0:34:47]} 24. Bxd1 {[%clk 0:24:20]}  Qe5 {[%clk 0:32:58]} 25. b4 {[%clk 0:21:44]}  Qb2 {[%clk 0:32:32]} 26. Qc4 {[%clk 0:18:04]}  Bd4 {[%clk 0:27:28]} 27. Be2 {[%clk 0:15:55]}  Qc3 {[%clk 0:26:18]} 28. Kg2 {[%clk 0:11:38]}  Qxc4 {[%clk 0:25:39]} 29. Bxc4 {[%clk 0:12:02]}  Bb2 {[%clk 0:25:17]} 30. a4 {[%clk 0:12:10]}  Ba3 {[%clk 0:25:23]} 31. b5 {[%clk 0:11:57]}  axb5 {[%clk 0:25:33]} 32. axb5 {[%clk 0:12:08]}  Bxc5 {[%clk 0:25:02]} 33. bxc6 {[%clk 0:12:06]}  bxc6 {[%clk 0:25:23]} 34. f4 {[%clk 0:12:16]}  Kg7 {[%clk 0:25:15]} 35. g4 {[%clk 0:10:00]}  h6 {[%clk 0:23:21]} 36. h4 {[%clk 0:08:55]}  Bd4 {[%clk 0:21:59]} 37. g5 {[%clk 0:08:29]}  f6 {[%clk 0:21:30]} 38. Kf3 {[%clk 0:07:55]}  f5 {[%clk 0:20:08]} 39. Ke2 {[%clk 0:07:50]}  c5 {[%clk 0:19:32]} 40. Kf3 {[%clk 0:07:55]}  hxg5 {[%clk 0:19:40]} 1/2-1/2

[Event "Weekender - Master"]
[Site "Enniscrone, Sligo, IE"]
[Date "2026.01.31"]
[Round "2"]
[White "Govindaraju, Darun"]
[Black "Van den Bosse, Bart"]
[Result "1-0"]
[Board "3"]
[WhiteFideId "2519690"]
[BlackFideId "1035959"]
[WhiteElo "2124"]
[BlackElo "1911"]
[WhiteTeam "IRL"]
[BlackTeam "NED"]
[WhiteClock "0:02:00"]
[BlackClock "0:11:28"]
[Variant "Standard"]

1. Nf3 {[%clk 1:27:36]}  Nf6 {[%clk 1:30:51]} 2. c4 {[%clk 1:28:01]}  e6 {[%clk 1:31:16]} 3. g3 {[%clk 1:28:18]}  d5 {[%clk 1:31:06]} 4. Bg2 {[%clk 1:28:12]}  dxc4 {[%clk 1:31:27]} 5. O-O {[%clk 1:25:38]}  Nbd7 {[%clk 1:27:15]} 6. Na3 {[%clk 1:17:22]}  Bxa3 {[%clk 1:22:20]} 7. bxa3 {[%clk 1:15:19]}  c5 {[%clk 1:22:17]} 8. Bb2 {[%clk 1:12:26]}  O-O {[%clk 1:16:42]} 9. Qc2 {[%clk 1:07:42]}  Qc7 {[%clk 1:11:43]} 10. a4 {[%clk 1:01:26]}  a6 {[%clk 1:01:01]} 11. Bxf6 {[%clk 0:53:30]}  Nxf6 {[%clk 0:55:09]} 12. Qxc4 {[%clk 0:53:51]}  Bd7 {[%clk 0:51:29]} 13. Rfc1 {[%clk 0:47:44]}  Rac8 {[%clk 0:45:14]} 14. d4 {[%clk 0:39:46]}  Qa5 {[%clk 0:44:17]} 15. dxc5 {[%clk 0:37:08]}  b6 {[%clk 0:43:45]} 16. Qb3 {[%clk 0:26:23]}  bxc5 {[%clk 0:39:19]} 17. Ne5 {[%clk 0:19:37]}  Bxa4 {[%clk 0:38:32]} 18. Nc4 {[%clk 0:14:49]}  Bxb3 {[%clk 0:37:06]} 19. Nxa5 {[%clk 0:15:12]}  Bd5 {[%clk 0:37:28]} 20. f3 {[%clk 0:12:49]}  Rc7 {[%clk 0:34:29]} 21. e4 {[%clk 0:12:55]}  Ba8 {[%clk 0:34:53]} 22. Rc2 {[%clk 0:11:03]}  Rfc8 {[%clk 0:34:35]} 23. Rac1 {[%clk 0:10:08]}  Nd7 {[%clk 0:34:24]} 24. Nc4 {[%clk 0:10:07]}  Bc6 {[%clk 0:32:50]} 25. Bf1 {[%clk 0:08:05]}  Rb8 {[%clk 0:32:02]} 26. Kf2 {[%clk 0:07:35]}  Kf8 {[%clk 0:32:00]} 27. Ke3 {[%clk 0:07:51]}  Ke7 {[%clk 0:32:22]} 28. Na5 {[%clk 0:07:17]}  Bb5 {[%clk 0:31:14]} 29. Bc4 {[%clk 0:04:55]}  Ba4 {[%clk 0:29:16]} 30. Rc3 {[%clk 0:04:47]}  Rb2 {[%clk 0:28:31]} 31. h4 {[%clk 0:04:51]}  Ne5 {[%clk 0:27:02]} 32. Bxa6 {[%clk 0:04:42]}  Rxa2 {[%clk 0:23:36]} 33. Rxc5 {[%clk 0:04:30]}  Ra3+ {[%clk 0:23:04]} 34. Ke2 {[%clk 0:03:36]}  Rxc5 {[%clk 0:23:04]} 35. Rxc5 {[%clk 0:04:04]}  Nxf3 {[%clk 0:22:45]} 36. Nc4 {[%clk 0:02:47]}  Nd4+ {[%clk 0:22:26]} 37. Kf2 {[%clk 0:02:55]}  Ra2+ {[%clk 0:21:36]} 38. Ke3 {[%clk 0:02:22]}  Nc2+ {[%clk 0:21:33]} 39. Kf4 {[%clk 0:02:15]}  Bd7 {[%clk 0:19:57]} 40. Bb5 {[%clk 0:01:48]}  Bxb5 {[%clk 0:16:55]} 41. Rxb5 {[%clk 0:02:17]}  Ra7 {[%clk 0:16:58]} 42. h5 {[%clk 0:02:17]}  Nd4 {[%clk 0:16:54]} 43. Rb6 {[%clk 0:01:51]}  Rc7 {[%clk 0:15:44]} 44. Rb4 {[%clk 0:01:17]}  f6 {[%clk 0:15:39]} 45. Ra4 {[%clk 0:01:26]}  e5+ {[%clk 0:15:29]} 46. Ke3 {[%clk 0:01:44]}  Rb7 {[%clk 0:15:32]} 47. Kf2 {[%clk 0:00:51]}  Kf7 {[%clk 0:15:14]} 48. Nd6+ {[%clk 0:00:58]}  Ke7 {[%clk 0:13:20]} 49. Nxb7 {[%clk 0:01:20]}  Ne6 {[%clk 0:13:43]} 50. Ra7 {[%clk 0:01:17]}  Nc7 {[%clk 0:12:53]} 51. Nc5 {[%clk 0:01:02]}  Kd6 {[%clk 0:13:08]} 52. Rxc7 {[%clk 0:00:51]}  Kxc7 {[%clk 0:13:33]} 53. Ne6+ {[%clk 0:01:18]}  Kd6 {[%clk 0:11:36]} 54. Nxg7 {[%clk 0:01:41]}  Kc5 {[%clk 0:11:28]} 55. Ke3 {[%clk 0:02:00]} 1-0

[Event "Weekender - Master"]
[Site "Enniscrone, Sligo, IE"]
[Date "2026.01.31"]
[Round "2"]
[White "Barnes, Oliver"]
[Black "Campbell, Andrew"]
[Result "1/2-1/2"]
[Board "4"]
[WhiteFideId "2517604"]
[BlackFideId "2518392"]
[WhiteElo "2066"]
[BlackElo "1904"]
[WhiteTeam "IRL"]
[BlackTeam "IRL"]
[WhiteClock "0:01:11"]
[BlackClock "0:08:51"]
[Variant "Standard"]

1. e4 {[%clk 1:30:56]}  c5 {[%clk 1:30:55]} 2. a3 {[%clk 1:26:34]}  d6 {[%clk 1:27:44]} 3. Nc3 {[%clk 1:25:41]}  g6 {[%clk 1:27:04]} 4. Bc4 {[%clk 1:25:29]}  Bg7 {[%clk 1:26:55]} 5. d3 {[%clk 1:25:25]}  Nc6 {[%clk 1:26:46]} 6. Ba2 {[%clk 1:23:22]}  Nf6 {[%clk 1:25:57]} 7. Nge2 {[%clk 1:22:01]}  O-O {[%clk 1:25:26]} 8. O-O {[%clk 1:20:24]}  a6 {[%clk 1:25:04]} 9. f4 {[%clk 1:14:19]}  e6 {[%clk 1:21:48]} 10. Ng3 {[%clk 0:59:42]}  d5 {[%clk 1:12:35]} 11. exd5 {[%clk 0:52:45]}  exd5 {[%clk 1:11:34]} 12. f5 {[%clk 0:49:07]}  h6 {[%clk 1:01:23]} 13. fxg6 {[%clk 0:36:13]}  fxg6 {[%clk 1:01:46]} 14. Be3 {[%clk 0:35:27]}  b6 {[%clk 0:56:32]} 15. Rxf6 {[%clk 0:24:20]}  Rxf6 {[%clk 0:52:42]} 16. Bxd5+ {[%clk 0:21:14]}  Kh7 {[%clk 0:52:26]} 17. Nge4 {[%clk 0:21:33]}  Bd7 {[%clk 0:44:15]} 18. Nxf6+ {[%clk 0:20:03]}  Qxf6 {[%clk 0:41:20]} 19. Qf3 {[%clk 0:13:12]}  Re8 {[%clk 0:38:28]} 20. Qxf6 {[%clk 0:12:29]}  Bxf6 {[%clk 0:38:08]} 21. Ne4 {[%clk 0:12:05]}  Bg7 {[%clk 0:34:40]} 22. Rf1 {[%clk 0:11:30]}  Ne7 {[%clk 0:33:11]} 23. Bc4 {[%clk 0:09:15]}  Nf5 {[%clk 0:33:08]} 24. Bf2 {[%clk 0:09:27]}  b5 {[%clk 0:30:00]} 25. Nxc5 {[%clk 0:06:44]}  bxc4 {[%clk 0:29:40]} 26. Nxd7 {[%clk 0:07:13]}  Re2 {[%clk 0:26:36]} 27. dxc4 {[%clk 0:06:01]}  Rxc2 {[%clk 0:26:55]} 28. g4 {[%clk 0:04:15]}  Nd6 {[%clk 0:24:51]} 29. c5 {[%clk 0:04:12]}  Ne4 {[%clk 0:25:18]} 30. Be3 {[%clk 0:04:21]}  Re2 {[%clk 0:22:46]} 31. c6 {[%clk 0:00:40]}  Rxe3 {[%clk 0:22:16]} 32. Rd1 {[%clk 0:00:41]}  Bxb2 {[%clk 0:19:12]} 33. Nb8 {[%clk 0:00:34]}  Be5 {[%clk 0:17:17]} 34. Rd7+ {[%clk 0:00:52]}  Kg8 {[%clk 0:17:35]} 35. Nxa6 {[%clk 0:00:47]}  Rxa3 {[%clk 0:10:00]} 36. c7 {[%clk 0:00:59]}  Bxc7 {[%clk 0:10:14]} 37. Nxc7 {[%clk 0:01:26]}  Nf6 {[%clk 0:09:59]} 38. Rd4 {[%clk 0:01:11]}  Kf7 {[%clk 0:08:51]} 1/2-1/2

[Event "Weekender - Master"]
[Site "Enniscrone, Sligo, IE"]
[Date "2026.01.31"]
[Round "2"]
[White "Gajcin, Jasmina"]
[Black "Murray, Benjamin"]
[Result "1/2-1/2"]
[Board "5"]
[WhiteFideId "939030"]
[BlackFideId "2512963"]
[WhiteTitle "WCM"]
[WhiteElo "1914"]
[BlackElo "2047"]
[WhiteTeam "SRB"]
[BlackTeam "IRL"]
[WhiteClock "0:01:18"]
[BlackClock "0:14:07"]
[Variant "Standard"]

1. e4 {[%clk 1:27:39]}  e6 {[%clk 1:30:33]} 2. d4 {[%clk 1:28:03]}  d5 {[%clk 1:30:57]} 3. Nc3 {[%clk 1:28:25]}  Bb4 {[%clk 1:31:17]} 4. e5 {[%clk 1:28:44]}  c5 {[%clk 1:31:38]} 5. a3 {[%clk 1:28:39]}  Bxc3+ {[%clk 1:32:00]} 6. bxc3 {[%clk 1:29:05]}  Ne7 {[%clk 1:32:22]} 7. Qg4 {[%clk 1:18:03]}  Qc7 {[%clk 1:30:29]} 8. Qxg7 {[%clk 1:12:50]}  Rg8 {[%clk 1:30:52]} 9. Qxh7 {[%clk 1:11:44]}  cxd4 {[%clk 1:31:14]} 10. Qd3 {[%clk 1:04:13]}  Qxe5+ {[%clk 1:28:56]} 11. Ne2 {[%clk 0:58:00]}  dxc3 {[%clk 1:29:17]} 12. Qxc3 {[%clk 0:54:13]}  Qxc3+ {[%clk 1:29:40]} 13. Nxc3 {[%clk 0:54:39]}  Nbc6 {[%clk 1:30:04]} 14. Nb5 {[%clk 0:43:48]}  Kd7 {[%clk 1:30:25]} 15. Bb2 {[%clk 0:41:17]}  a6 {[%clk 1:22:44]} 16. Nc3 {[%clk 0:34:35]}  Kc7 {[%clk 1:19:41]} 17. h4 {[%clk 0:29:32]}  e5 {[%clk 1:18:05]} 18. O-O-O {[%clk 0:26:36]}  Be6 {[%clk 1:18:24]} 19. h5 {[%clk 0:21:53]}  Rad8 {[%clk 1:17:22]} 20. Na4 {[%clk 0:18:50]}  Rh8 {[%clk 1:10:51]} 21. Be2 {[%clk 0:17:03]}  Rdg8 {[%clk 1:06:32]} 22. g3 {[%clk 0:14:40]}  Bg4 {[%clk 0:59:52]} 23. Bxg4 {[%clk 0:12:25]}  Rxg4 {[%clk 1:00:14]} 24. Nc5 {[%clk 0:12:21]}  Rg5 {[%clk 0:59:26]} 25. h6 {[%clk 0:09:36]}  Rh7 {[%clk 0:54:50]} 26. f4 {[%clk 0:05:09]}  Rxg3 {[%clk 0:54:03]} 27. fxe5 {[%clk 0:05:29]}  Rg6 {[%clk 0:51:30]} 28. Rdf1 {[%clk 0:04:59]}  Nd8 {[%clk 0:37:46]} 29. Rf6 {[%clk 0:03:40]}  Ng8 {[%clk 0:34:27]} 30. Rxg6 {[%clk 0:02:32]}  fxg6 {[%clk 0:34:50]} 31. Rf1 {[%clk 0:01:12]}  Rxh6 {[%clk 0:30:53]} 32. Rf8 {[%clk 0:01:33]}  Ne7 {[%clk 0:30:55]} 33. Rf6 {[%clk 0:01:34]}  Rh7 {[%clk 0:22:50]} 34. Bd4 {[%clk 0:01:30]}  g5 {[%clk 0:19:00]} 35. Rd6 {[%clk 0:01:24]}  Nf5 {[%clk 0:18:34]} 36. Rxd5 {[%clk 0:00:38]}  Nxd4 {[%clk 0:18:29]} 37. Rxd4 {[%clk 0:01:05]}  Re7 {[%clk 0:16:49]} 38. Nd3 {[%clk 0:01:14]}  Nc6 {[%clk 0:14:07]} 39. Rg4 {[%clk 0:01:18]} 1/2-1/2

[Event "Weekender - Master"]
[Site "Enniscrone, Sligo, IE"]
[Date "2026.01.31"]
[Round "2"]
[White "Melaugh, Shane"]
[Black "Weih, Klaus"]
[Result "1-0"]
[Board "6"]
[WhiteFideId "2509580"]
[BlackFideId "2534940"]
[WhiteTitle "FM"]
[WhiteElo "2189"]
[BlackElo "1995"]
[WhiteTeam "IRL"]
[BlackTeam "IRL"]
[WhiteClock "0:20:37"]
[BlackClock "0:00:58"]
[Variant "Standard"]

1. c4 {[%clk 1:30:57]}  Nf6 {[%clk 1:25:34]} 2. Nc3 {[%clk 1:31:18]}  e6 {[%clk 1:25:53]} 3. e4 {[%clk 1:31:09]}  d5 {[%clk 1:11:05]} 4. cxd5 {[%clk 1:31:32]}  exd5 {[%clk 1:11:04]} 5. e5 {[%clk 1:31:56]}  Ne4 {[%clk 1:07:45]} 6. Nf3 {[%clk 1:32:19]}  Nc6 {[%clk 0:59:56]} 7. d3 {[%clk 1:20:33]}  Nxc3 {[%clk 0:59:47]} 8. bxc3 {[%clk 1:20:58]}  d4 {[%clk 0:47:49]} 9. Be2 {[%clk 1:10:39]}  Bc5 {[%clk 0:46:51]} 10. O-O {[%clk 1:07:30]}  O-O {[%clk 0:47:12]} 11. Bb2 {[%clk 1:01:28]}  Be6 {[%clk 0:37:24]} 12. Rc1 {[%clk 0:58:19]}  dxc3 {[%clk 0:31:11]} 13. Rxc3 {[%clk 0:57:38]}  Bb6 {[%clk 0:30:04]} 14. Qa4 {[%clk 0:48:16]}  Qd7 {[%clk 0:28:42]} 15. Qh4 {[%clk 0:47:20]}  Rad8 {[%clk 0:26:32]} 16. Bd1 {[%clk 0:42:57]}  Nd4 {[%clk 0:25:20]} 17. Ng5 {[%clk 0:43:04]}  Bf5 {[%clk 0:25:36]} 18. Ne4 {[%clk 0:37:53]}  Rfe8 {[%clk 0:25:11]} 19. Qg3 {[%clk 0:27:36]}  Bg6 {[%clk 0:24:40]} 20. Kh1 {[%clk 0:25:45]}  Nf5 {[%clk 0:22:28]} 21. Qf4 {[%clk 0:24:31]}  Bd4 {[%clk 0:22:47]} 22. Rb3 {[%clk 0:21:19]}  Bxb2 {[%clk 0:23:09]} 23. Rxb2 {[%clk 0:21:45]}  Qxd3 {[%clk 0:23:30]} 24. Nd2 {[%clk 0:20:12]}  Qc3 {[%clk 0:17:40]} 25. Rc2 {[%clk 0:20:28]}  Ng3+ {[%clk 0:17:37]} 26. fxg3 {[%clk 0:20:35]}  Bxc2 {[%clk 0:18:05]} 27. Qxf7+ {[%clk 0:19:59]}  Kh8 {[%clk 0:18:27]} 28. Bxc2 {[%clk 0:20:27]}  Qxc2 {[%clk 0:18:48]} 29. Nf3 {[%clk 0:20:52]}  Rf8 {[%clk 0:18:45]} 30. Qe7 {[%clk 0:21:03]}  Rde8 {[%clk 0:16:57]} 31. Qb4 {[%clk 0:21:11]}  c5 {[%clk 0:16:41]} 32. Qb5 {[%clk 0:21:34]}  c4 {[%clk 0:15:17]} 33. h4 {[%clk 0:21:55]}  b6 {[%clk 0:13:32]} 34. Kh2 {[%clk 0:21:55]}  h6 {[%clk 0:13:29]} 35. Qd7 {[%clk 0:21:46]}  Qf5 {[%clk 0:12:26]} 36. Qxa7 {[%clk 0:18:27]}  Rxe5 {[%clk 0:12:22]} 37. Nxe5 {[%clk 0:17:50]}  Qxf1 {[%clk 0:12:49]} 38. Ng6+ {[%clk 0:18:07]}  Kh7 {[%clk 0:11:30]} 39. Nxf8+ {[%clk 0:18:30]}  Qxf8 {[%clk 0:11:50]} 40. Qxb6 {[%clk 0:18:37]}  Qf5 {[%clk 0:11:27]} 41. Qc6 {[%clk 0:17:15]}  Qd3 {[%clk 0:10:01]} 42. a4 {[%clk 0:17:39]}  c3 {[%clk 0:10:26]} 43. a5 {[%clk 0:17:57]}  c2 {[%clk 0:10:17]} 44. a6 {[%clk 0:18:22]}  c1=Q {[%clk 0:08:26]} 45. Qxc1 {[%clk 0:18:44]}  Qxa6 {[%clk 0:08:41]} 46. Qf4 {[%clk 0:19:11]}  Qd3 {[%clk 0:07:57]} 47. g4 {[%clk 0:19:23]}  Qc2 {[%clk 0:08:07]} 48. Qf5+ {[%clk 0:19:48]}  Qxf5 {[%clk 0:08:01]} 49. gxf5 {[%clk 0:20:13]}  g6 {[%clk 0:06:36]} 50. g4 {[%clk 0:18:19]}  gxf5 {[%clk 0:07:02]} 51. gxf5 {[%clk 0:18:45]}  Kg7 {[%clk 0:07:11]} 52. Kg3 {[%clk 0:19:10]}  Kf7 {[%clk 0:00:44]} 53. Kg4 {[%clk 0:19:05]}  Kg7 {[%clk 0:01:04]} 54. Kf3 {[%clk 0:19:16]}  Kf7 {[%clk 0:01:26]} 55. Ke4 {[%clk 0:19:42]}  Ke7 {[%clk 0:01:32]} 56. Ke5 {[%clk 0:20:04]}  Kf7 {[%clk 0:01:56]} 57. f6 {[%clk 0:20:12]}  Ke8 {[%clk 0:00:52]} 58. Kf5 {[%clk 0:20:14]}  Kf7 {[%clk 0:00:58]} 59. h5 {[%clk 0:20:37]} 1-0

[Event "Weekender - Master"]
[Site "Enniscrone, Sligo, IE"]
[Date "2026.01.31"]
[Round "2"]
[White "Ashworth, Robert"]
[Black "Hushpit, Lukian"]
[Result "0-1"]
[Board "7"]
[WhiteFideId "426563"]
[BlackFideId "14189208"]
[WhiteElo "1917"]
[BlackElo "2097"]
[WhiteTeam "ENG"]
[BlackTeam "IRL"]
[WhiteClock "0:11:50"]
[BlackClock "0:38:10"]
[Variant "Standard"]

1. e4 {[%clk 1:30:56]}  e5 {[%clk 1:25:05]} 2. Nf3 {[%clk 1:31:08]}  Nc6 {[%clk 1:25:21]} 3. Bc4 {[%clk 1:31:12]}  Bc5 {[%clk 1:25:32]} 4. c3 {[%clk 1:31:02]}  Nf6 {[%clk 1:24:09]} 5. d3 {[%clk 1:30:11]}  d6 {[%clk 1:23:11]} 6. O-O {[%clk 1:28:58]}  h6 {[%clk 1:22:56]} 7. a4 {[%clk 1:27:02]}  a6 {[%clk 1:21:40]} 8. Nbd2 {[%clk 1:23:57]}  O-O {[%clk 1:19:38]} 9. h3 {[%clk 1:20:11]}  Re8 {[%clk 1:17:09]} 10. Re1 {[%clk 1:16:04]}  Bb6 {[%clk 1:06:32]} 11. Nf1 {[%clk 1:10:08]}  Be6 {[%clk 0:59:06]} 12. Bxe6 {[%clk 1:02:39]}  Rxe6 {[%clk 0:54:50]} 13. Ne3 {[%clk 0:56:09]}  Bxe3 {[%clk 0:53:40]} 14. Bxe3 {[%clk 0:53:16]}  d5 {[%clk 0:53:25]} 15. exd5 {[%clk 0:48:55]}  Qxd5 {[%clk 0:52:40]} 16. d4 {[%clk 0:42:57]}  exd4 {[%clk 0:50:58]} 17. Nxd4 {[%clk 0:35:40]}  Nxd4 {[%clk 0:50:51]} 18. Qxd4 {[%clk 0:35:27]}  Rae8 {[%clk 0:45:06]} 19. Rad1 {[%clk 0:31:38]}  Qc6 {[%clk 0:44:14]} 20. Bd2 {[%clk 0:23:38]}  Rd6 {[%clk 0:37:59]} 21. Rxe8+ {[%clk 0:17:19]}  Qxe8 {[%clk 0:38:06]} 22. Qe3 {[%clk 0:11:41]}  Qxe3 {[%clk 0:37:44]} 23. fxe3 {[%clk 0:11:50]}  Ne4 {[%clk 0:38:10]} 0-1

[Event "Weekender - Master"]
[Site "Enniscrone, Sligo, IE"]
[Date "2026.01.31"]
[Round "2"]
[White "Blijlevens, Pim"]
[Black "Ashworth, Michael"]
[Result "1/2-1/2"]
[Board "8"]
[WhiteFideId "1022997"]
[BlackFideId "425044"]
[WhiteElo "1942"]
[BlackElo "2019"]
[WhiteTeam "NED"]
[BlackTeam "ENG"]
[WhiteClock "0:01:00"]
[BlackClock "0:00:27"]
[Variant "Standard"]

1. d4 {[%clk 1:28:42]}  Nf6 {[%clk 1:30:49]} 2. Bg5 {[%clk 1:29:02]}  e6 {[%clk 1:31:00]} 3. c4 {[%clk 1:29:09]}  Bb4+ {[%clk 1:28:40]} 4. Nd2 {[%clk 1:29:11]}  d5 {[%clk 1:27:03]} 5. e3 {[%clk 1:26:23]}  O-O {[%clk 1:23:36]} 6. Ngf3 {[%clk 1:24:47]}  Nbd7 {[%clk 1:21:41]} 7. a3 {[%clk 1:19:22]}  Be7 {[%clk 1:19:42]} 8. Qc2 {[%clk 1:16:07]}  h6 {[%clk 1:06:04]} 9. Bh4 {[%clk 1:14:51]}  dxc4 {[%clk 1:00:02]} 10. Nxc4 {[%clk 1:13:29]}  c5 {[%clk 0:58:39]} 11. dxc5 {[%clk 1:05:47]}  Nxc5 {[%clk 0:47:46]} 12. b4 {[%clk 1:02:32]}  Ncd7 {[%clk 0:41:59]} 13. Rd1 {[%clk 0:53:55]}  Nd5 {[%clk 0:36:22]} 14. Bxe7 {[%clk 0:46:47]}  Qxe7 {[%clk 0:36:22]} 15. e4 {[%clk 0:45:04]}  N5b6 {[%clk 0:33:37]} 16. Nd6 {[%clk 0:42:28]}  Qf6 {[%clk 0:21:01]} 17. Be2 {[%clk 0:36:41]}  Ne5 {[%clk 0:19:08]} 18. O-O {[%clk 0:34:06]}  Bd7 {[%clk 0:14:03]} 19. Nxe5 {[%clk 0:26:10]}  Qxe5 {[%clk 0:11:38]} 20. f4 {[%clk 0:25:43]}  Qf6 {[%clk 0:11:15]} 21. e5 {[%clk 0:25:22]}  Qe7 {[%clk 0:11:10]} 22. Qc7 {[%clk 0:23:58]}  Nd5 {[%clk 0:10:18]} 23. Rxd5 {[%clk 0:18:23]}  exd5 {[%clk 0:10:43]} 24. Bg4 {[%clk 0:12:02]}  Rfd8 {[%clk 0:09:58]} 25. Qxb7 {[%clk 0:07:41]}  Kf8 {[%clk 0:08:37]} 26. Bxd7 {[%clk 0:07:38]}  Qxd7 {[%clk 0:09:00]} 27. Qxd5 {[%clk 0:07:50]}  Qe6 {[%clk 0:02:50]} 28. Qxe6 {[%clk 0:06:53]}  fxe6 {[%clk 0:03:16]} 29. Kf2 {[%clk 0:06:03]}  Rd7 {[%clk 0:02:26]} 30. Rc1 {[%clk 0:06:02]}  Rad8 {[%clk 0:01:43]} 31. Ke3 {[%clk 0:06:19]}  g5 {[%clk 0:01:43]} 32. g3 {[%clk 0:03:16]}  gxf4+ {[%clk 0:02:02]} 33. gxf4 {[%clk 0:03:45]}  Rg7 {[%clk 0:02:02]} 34. b5 {[%clk 0:02:42]}  Kg8 {[%clk 0:00:41]} 35. a4 {[%clk 0:02:52]}  Rg2 {[%clk 0:00:39]} 36. a5 {[%clk 0:03:21]}  Rb2 {[%clk 0:00:41]} 37. Rc7 {[%clk 0:03:37]}  Rb3+ {[%clk 0:00:48]} 38. Ke2 {[%clk 0:02:30]}  Rf8 {[%clk 0:00:42]} 39. Rxa7 {[%clk 0:02:09]}  Rxf4 {[%clk 0:01:08]} 40. Rc7 {[%clk 0:00:59]}  Rh4 {[%clk 0:00:41]} 41. Kd2 {[%clk 0:00:32]}  Rxh2+ {[%clk 0:00:59]} 42. Kc1 {[%clk 0:00:58]}  Ra3 {[%clk 0:00:50]} 43. Kb1 {[%clk 0:00:40]}  Rb3+ {[%clk 0:00:40]} 44. Kc1 {[%clk 0:00:50]}  Ra3 {[%clk 0:01:03]} 45. Kb1 {[%clk 0:01:19]}  Rb3+ {[%clk 0:00:40]} 46. Kc1 {[%clk 0:01:47]}  Ra3 {[%clk 0:00:44]} 47. Kb1 {[%clk 0:01:31]}  Rxa5 {[%clk 0:00:38]} 48. b6 {[%clk 0:01:00]}  Ra3 {[%clk 0:00:27]} 1/2-1/2